Представление документа в формате RUSMARC

ПолеНазваниеЗначение
  Тип записи a
  Библиографический уровень m
001 Контрольный номер 0035d20781f7469fb7c209afd4ceb6ba
005 Дата корректировки 20240110142519.4
010 Индекс ISBN __
a ISBN 978-5-08-005951-3 (в пер.)
d Цена 310-79, 3000 экз.
100 Данные общей обработки __
a Данные общей обработки 19201906d2018||||||| 0rusy0189 ca
101 Язык документа 0_
a Язык текста rus
102 Страна публикации __
a Страна публикации ru|
102 Страна публикации __
a Страна публикации RU
105 Кодированные данные (монография) __
a Кодированные данные (монография) a||||||||||zy
200 Заглавие и сведения об ответственности 1_
a Заглавие Равнение на Софулу
e Сведения, относящиеся к заглавию повесть : [для среднего и старшего школьного возраста]
f Первые сведения об ответственности Гуля Риф ; [иллюстрации Н. Курбановой]
b Общее обозначение материала Текст
210 Выходные данные 1_
a Место издания Москва
c Издательство Детская литература
d Дата издания 2018
215 Физическое описание __
a Объем 200, [7] с.
c Иллюстрации/тип воспроизводства ил.
d Формат 22 см
225 Серия 2_
a Серия Лауреаты Международного конкурса имени Сергея Михалкова
300 Общие примечания __
a Общие примечания В конце книги автор: Ариткулова Гузалия Рифгатовна
300 Общие примечания __
a Общие примечания На авантитуле: Российский фонд культуры, Совет по детской книиге России
330 Аннотация __
a Аннотация Тринадцатилетняя Софула - обычная деревенская девчонка. Она любит скакать на лошади, играть с мальчишками в футбол, читать и не стесняется каждому говорить в глаза, что она о нём думает. Мудрый пожилой сосед Иван Фёдорович, по прозвищу Кряж, ласково называет Софийку стрекозой и ставит в пример её непутёвым сверстницам, помешанным на парнях, собственной внешности и всяких новомодных фишках из телевизора и глянцевых журналов. Забавный лозунг Кряжа "Держи равнение на стрекозу!", мгновенно переиначенный ребятами в "Равнение на Софулу!", так бы и остался весёлой и доброй шуткой, если бы не пришла настоящая беда, от которой Софула никак не могла остаться в стороне. Для среднего и старшего школьного возраста.
333 Примечание о целевом назначении __
a Примечание о целевом назначении 12+. Для детей старше 12 лет
606 Тематические рубрики __
a Основная рубрика Художественная литература
606 Тематические рубрики __
a Основная рубрика Современная русская литература (произведения)
610 Ключевые слова 0_
a Ключевые слова детская литература
610 Ключевые слова 0_
a Ключевые слова подростковая литература
610 Ключевые слова 0_
a Ключевые слова тема подростков
610 Ключевые слова 0_
a Ключевые слова повести
610 Ключевые слова 0_
a Ключевые слова повести для детей
686 Индексы других классификаций __
2 Код системы rubbks
a Классификационный индекс 84(2=411.2)6-4; ст84(2=411.2)6-4
700 Автор _1
a Фамилия Риф
b Имя Г.
f Даты 1965-
g Полное личное имя Гуля
4 Код отношения 070
702 Вторичная интеллектуальная ответственность _1
a Фамилия Курбанова
b Имя Н. М.
4 Код отношения Художник
g Полное личное имя Нина Михайловна
4 Код отношения 040
801 Источник записи _0
a Страна ru
b Организация Муниципальное бюджетное учреждение культуры "Централизованная библиотечная система" г. Сургут (Центральная городская библиотека им. А. С. Пушкина)
c Дата составления 20201906
g Правила каталогизации PSBO
801 Источник записи _1
a Страна ru
b Организация Муниципальное бюджетное учреждение культуры "Централизованная библиотечная система" г. Сургут (Центральная городская библиотека им. А. С. Пушкина)
c Дата составления 20201906
g Правила каталогизации PSBO
852 Данные о местонахождении __
j Шифр хранения 84(2=411.2)6-4
i Авторский знак Р 55
901 Тип документа __
t Тип документа m
a Ответственный КиК/Трушникова
903 Характеристики (МАРС) __
a Дата передачи 20190618
969 Тип издания __
a Тип издания издание для детей
990 Данные о заказе (DOS) __
j Количество экземпляров (DOS) 8
t N записи в КСУ для И/У (DOS) 201907